Թուրքահայոց հին վաճառականութիւն եւ վաճառականք : (Record no. 183972)
[ view plain ]
| 000 -LEADER | |
|---|---|
| fixed length control field | 00828nam a2200217 a 4500 |
| 001 - CONTROL NUMBER | |
| control field | 000497674 |
| 003 - CONTROL NUMBER IDENTIFIER | |
| control field | AM-YEHGA |
| 005 - DATE AND TIME OF LATEST TRANSACTION | |
| control field | 20260413150515.0 |
| 008 - FIXED-LENGTH DATA ELEMENTS--GENERAL INFORMATION | |
| fixed length control field | 060809s1908 tu |||||||||||000|0|arm|d |
| 040 ## - CATALOGING SOURCE | |
| Original cataloging agency | AM-YEHGA |
| 041 0# - LANGUAGE CODE | |
| Language code of text/sound track or separate title | arm |
| 100 1# - MAIN ENTRY--PERSONAL NAME | |
| Personal name | Մրմրյան, Հարություն Գևորգի, |
| Dates associated with a name | 1860-1926 |
| 9 (RLIN) | 6948 |
| 245 10 - TITLE STATEMENT | |
| Title | Թուրքահայոց հին վաճառականութիւն եւ վաճառականք : |
| Remainder of title | 1740-1890 / |
| Statement of responsibility, etc. | Յ.Գ.Մ. |
| 260 ## - PUBLICATION, DISTRIBUTION, ETC. | |
| Place of publication, distribution, etc. | Կ. Պոլիս : |
| Name of publisher, distributor, etc. | տպ. Սագաեան, |
| Date of publication, distribution, etc. | 1908. |
| 300 ## - PHYSICAL DESCRIPTION | |
| Extent | 175 էջ |
| 500 ## - GENERAL NOTE | |
| General note | Յ.Գ.Մ. = Մրմրյան, Հարություն Գևորգի |
| 504 ## - BIBLIOGRAPHY, ETC. NOTE | |
| Bibliography, etc. note | Մատենագիտ. տողատակում |
| 650 14 - SUBJECT ADDED ENTRY--TOPICAL TERM | |
| Topical term or geographic name entry element | Պատմություն |
| Geographic subdivision | Թուրքիա |
| 9 (RLIN) | 1012 |
| 653 0# - INDEX TERM--UNCONTROLLED | |
| Uncontrolled term | Թուրքիայի հայ վաճառականությունը |
| 942 ## - ADDED ENTRY ELEMENTS (KOHA) | |
| Source of classification or shelving scheme | Universal Decimal Classification |
| Koha item type | Գրքեր / Books |
| Koha issues (borrowed), all copies | 1 |
| Withdrawn status | Lost status | Source of classification or shelving scheme | Damaged status | Not for loan | Collection | Home library | Current library | Date acquired | Total checkouts | Full call number | Barcode | Date due | Date last seen | Date last checked out | Price effective from | Koha item type | Public note |
|---|---|---|---|---|---|---|---|---|---|---|---|---|---|---|---|---|---|
| Universal Decimal Classification | General | Fundamental Scientific Library | Fundamental Scientific Library | 28/12/2016 | 1 | AII/33388 | FL0069271 | 13/05/2026 | 13/04/2026 | 13/04/2026 | 28/12/2016 | Գրքեր / Books | 30 Days Loan | ||||
| Universal Decimal Classification | General | Fundamental Scientific Library | Fundamental Scientific Library | 28/12/2016 | AII/33389 | 220033389 | 28/12/2016 | 28/12/2016 | Գրքեր / Books | 30 Days Loan | |||||||
| Universal Decimal Classification | General | Fundamental Scientific Library | Fundamental Scientific Library | 28/12/2016 | AII/48532 | 220048532 | 28/12/2016 | 28/12/2016 | Գրքեր / Books | 30 Days Loan | |||||||
| Universal Decimal Classification | Alpoiajian Individual Collection | Fundamental Scientific Library | Fundamental Scientific Library | 23/05/2025 | Ալպ/189 | FL0533659 | 23/05/2025 | 23/05/2025 | Գրքեր / Books | ILL Non-Circ․ | |||||||
| Zhamkochyan Individual collection | Fundamental Scientific Library | Fundamental Scientific Library | 23/05/2025 | Ժամ/599 | FL0693814 | 23/05/2025 | 23/05/2025 | Գրքեր / Books | ILL Non-Circ. |
ՀՀ Գիտությունների ազգային ակադեմիայի հիմնարար գիտական գրադարան = Fundamental Scientific Library of NAS RA
All site content, except where otherwise noted, is licensed under a